LEADER 03370nam 22009135 450 001 9910792453403321 005 20230725023203.0 010 $a1-282-46318-7 010 $a9786612463181 010 $a0-520-94615-4 024 7 $a10.1525/9780520946156 035 $a(CKB)2670000000011143 035 $a(EBL)837200 035 $a(OCoLC)647903209 035 $a(SSID)ssj0000431525 035 $a(PQKBManifestationID)11965430 035 $a(PQKBTitleCode)TC0000431525 035 $a(PQKBWorkID)10475857 035 $a(PQKB)10582174 035 $a(DE-B1597)519391 035 $a(DE-B1597)9780520946156 035 $a(MiAaPQ)EBC837200 035 $a(EXLCZ)992670000000011143 100 $a20200424h20102010 fg 0 101 0 $aeng 135 $aur||#|||||||| 181 $ctxt 182 $cc 183 $acr 200 10$aWriting the Silences /$fRichard O. Moore; Brenda Hillman, Paul Ebenkamp 210 1$aBerkeley, CA :$cUniversity of California Press,$d[2010] 210 4$d©2010 215 $a1 online resource (130 p.) 225 0 $aNew California Poetry ;$v30 300 $aDescription based upon print version of record. 311 0 $a0-520-26243-3 327 $tFront matter --$tContents --$tForeword --$tAcknowledgments --$tPoems 1960-2008 --$tPoems 1946-1957 --$tNotes 330 $aThe poems in Writing the Silences represent more than 60 years of Richard O. Moore's work as a poet. Selected from seven full-length manuscripts written between 1946 and 2008, these poems reflect not only Moore's place in literary history-he is the last of his generation of the legendary group of San Francisco Renaissance poets-but also his reemergence into today's literary world after an important career as a filmmaker and producer in public radio and television. Writing the Silences reflects Moore's commitment to freedom of form, his interest in language itself, and his dedication to issues of social justice and ecology. 410 0$aNew California Poetry 606 $aPoetry 610 $a20th century. 610 $aamerican poetry. 610 $aamerican poets. 610 $aart and literature. 610 $aaspiring writers. 610 $acontemporary poetry. 610 $aecology. 610 $aengaging. 610 $aenglish majors. 610 $afree form poetry. 610 $alanguage and poetry. 610 $alife questions. 610 $alit students. 610 $alit studies. 610 $aliterary criticism. 610 $aliterary critics. 610 $aliterary history. 610 $aliterary world. 610 $amodern poetry. 610 $aphilosophy. 610 $apoems. 610 $apoetry collection. 610 $apoetry movements. 610 $apoets. 610 $arealism. 610 $asan francisco renaissance. 610 $asan francisco. 610 $asocial justice. 615 4$aPoetry. 676 $a811/.6 700 $aMoore$b Richard O.$4aut$4http://id.loc.gov/vocabulary/relators/aut$0102208 702 $aEbenkamp$b Paul$4edt$4http://id.loc.gov/vocabulary/relators/edt 702 $aHillman$b Brenda$4edt$4http://id.loc.gov/vocabulary/relators/edt 801 0$bDE-B1597 801 1$bDE-B1597 906 $aBOOK 912 $a9910792453403321 996 $aWriting the Silences$93856532 997 $aUNINA LEADER 01400nas 2200481- 450 001 9910131026603321 005 20241126213016.0 011 $a2192-8584 035 $a(OCoLC)900730338 035 $a(CKB)3460000000023269 035 $a(CONSER)--2015207006 035 $a(MiAaPQ)2038871 035 $a(DE-599)ZDB2663362-0 035 $a(EXLCZ)993460000000023269 100 $a20150126a20129999 s-- a 101 0 $aeng 135 $aurmnu|||||||| 181 $ctxt$2rdacontent 182 $cc$2rdamedia 183 $acr$2rdacarrier 200 00$aAdvanced optical technologies 210 1$aBerlin :$cWalter de Gruyter GmbH & Co. KG,$d[2012]- 210 31$aLausanne, Switzerland :$cFrontiers 215 $a1 online resource (volumes) 300 $aRefereed/Peer-reviewed 311 08$a2192-8576 517 3 $aAOT 531 1 $aAdv. opt. technol. 606 $aOptics$vCongresses 606 $aOptique$vCongrès 606 $aOptics$2fast$3(OCoLC)fst01046845 608 $aPeriodicals.$2fast 608 $aConference papers and proceedings.$2fast 608 $aConference papers and proceedings.$2lcgft 608 $aPeriodicals.$2lcgft 615 0$aOptics 615 6$aOptique 615 7$aOptics. 712 02$aEuropean Optical Society, 906 $aJOURNAL 912 $a9910131026603321 996 $aAdvanced optical technologies$92349841 997 $aUNINA